书目信息 |
| 题名: |
考场作文选评
|
|
| 作者: | 胡甫夏 编 ;少年月刊编辑部 编 | |
| 分册: | ||
| 出版信息: | 重庆 重庆出版社 1990 |
|
| 页数: | 173页 | |
| 开本: | 19cm | |
| 丛书名: | ||
| 单 册: | ||
| 中图分类: | H194.5 | |
| 科图分类: | ||
| 主题词: | 汉语--语言教学 | |
| 电子资源: | ||
| ISBN: | 7-5366-1219-2 | |
| 000 | 00680nam0 2200241 45 | |
| 001 | 0186007078 | |
| 005 | 20040426105310.8 | |
| 010 | @dCNY1.60@a7-5366-1219-2 | |
| 100 | @a19951030d1990 em y0chiy0121 ea | |
| 101 | 0 | @achi |
| 102 | @aCN@b610000 | |
| 105 | @ay z 000yy | |
| 106 | @ar | |
| 200 | 10 | @a考场作文选评@Akao chang zuo wen xuan ping@f胡甫夏编@FHu Fu Xia Bian |
| 210 | @a重庆@c重庆出版社@d1990 | |
| 215 | @a173页@d19cm | |
| 606 | 0 | @a汉语@x语言教学 |
| 690 | @aH194.5 | |
| 701 | 0 | @a胡甫夏@4编 |
| 711 | 02 | @a少年月刊编辑部@4编@Ashao nian yue kan bian ji bu |
| 801 | 0 | @aCN@b深圳图书馆@c20040426 |
| 801 | 2 | @aCN@bNLC@c20040426 |
| 905 | @f4@b250418-421@dH194.5@e135 | |
| 考场作文选评/胡甫夏编.-重庆:重庆出版社,1990 |
| 173页;19cm |
| ISBN 7-5366-1219-2:CNY1.60 |
| ● |
| 相关链接 |
|
|
|
|
正题名:考场作文选评
索取号:H194.5/135
 
预约/预借
| 序号 | 登录号 | 条形码 | 馆藏地/架位号 | 状态 | 备注 |
| 1 | 0250418 | 000842235 | 密集书库/ [索取号:H194.5/135] | 在馆 | |
| 2 | 0250419 | 000842262 | 第四借阅区/ [索取号:H194.5/135] | 在馆 | |
| 3 | 0250420 | 000842299 | 密集书库/ [索取号:H194.5/135] | 在馆 | |
| 4 | 0250421 | 000842306 | 第四借阅区/ [索取号:H194.5/135] | 在馆 | |
| 5 | 0250422 | 000842253 | 第二样本阅览室/ [索取号:H194.5/135] | 在馆 |